Every Song by Cap'n Jazz - Statistics

General Stats
  • This quiz has been taken 5 times
  • The average score is 14 of 31
Answer Stats
Album Song % Correct
Shmap'n Shmazz(1995) Oh Messy Life
100%
Shmap'n Shmazz(1995) Little League
75%
Shmap'n Shmazz(1995) Planet Shhh
75%
Boys 16 to 18 Years... Age of Action(1993) AOK
50%
Ghost Dance(1993) Bluegrass
50%
Shmap'n Shmazz(1995) Flashpoint: Catheter
50%
Analphabetapolothology(1998) Forget Who We Are
50%
How the Midwest Was Won(1993) In the Clear
50%
Shmap'n Shmazz(1995) In The Clear
50%
Analphabetapolothology(1998) Olerud
50%
Analphabetapolothology(1998) Ooh Do I Love You
50%
Shmap'n Shmazz(1995) Precious
50%
Shmap'n Shmazz(1995) Puddle Splashers
50%
Nothing Dies with Blue Skies(1993) Rocky Rococo
50%
It’s a Punk Thing, You Wouldn't Understand(1993) Scary Kids Scaring Kids
50%
Sometimes if you stand further away from something, it does not seem as big. Sometimes you can stand so close to something you can not tell what you are looking at.(1993) Sea Tea
50%
Shmap'n Shmazz(1995) The Sands've Turned Purple
50%
Analphabetapolothology(1998) Tokyo
50%
Sometimes if you stand further away from something, it does not seem as big. Sometimes you can stand so close to something you can not tell what you are looking at.(1993) Troubled by Insects
50%
Shmap'n Shmazz(1995) Yes, I Am Talking To You
50%
Shmap'n Shmazz(1995) Basil's Kite
25%
Shmap'n Shmazz(1995) Bluegrassish
25%
Boys 16 to 18 Years... Age of Action(1993) Easy Driver
25%
Boys 16 to 18 Years... Age of Action(1993) Geheim
25%
Analphabetapolothology(1998) Hey Ma, Do I Hafta Choke on These
25%
Achtung Chicago! Zwei!(1993) Naive
25%
How the Midwest Was Won(1993) No Use for a Piano Player When You Got a Player Piano
25%
Shmap'n Shmazz(1995) ¡Qué Suerté!
25%
Boys 16 to 18 Years... Age of Action(1993) Sergio Valente
25%
Picking More Daises(1993) Soria
25%
Sometimes if you stand further away from something, it does not seem as big. Sometimes you can stand so close to something you can not tell what you are looking at.(1993) We Are Scientists!
25%
No matching quizzes found
Score Distribution
Percent of People with Each Score
Percentile by Number Answered
Your Score History
You have not taken this quiz